Lost worlds (Record no. 3403)

MARC details
000 -LEADER
fixed length control field 00704 a2200205 4500
010 ## - LIBRARY OF CONGRESS CONTROL NUMBER
LC control number ENG-85759
020 ## - INTERNATIONAL STANDARD BOOK NUMBER
Terms of availability 350.00
International Standard Book Number 8178241692
035 ## - SYSTEM CONTROL NUMBER
System control number EN-69292
037 ## - SOURCE OF ACQUISITION
Source of stock number/acquisition D.B.Act / Pub
082 14 - DEWEY DECIMAL CLASSIFICATION NUMBER
Classification number 331.09
090 ## - LOCALLY ASSIGNED LC-TYPE CALL NUMBER (OCLC); LOCAL CALL NUMBER (OCLC)
-- 3470
-- 3470
100 1# - MAIN ENTRY--PERSONAL NAME
Personal name Joshi, Chitra
245 1# - TITLE STATEMENT
Title Lost worlds
Statement of responsibility, etc by Chitra Joshi
Remainder of title Indian labour and its forgotten histories
260 ## - PUBLICATION, DISTRIBUTION, ETC. (IMPRINT)
Place of publication, distribution, etc Delhi
Name of publisher, distributor, etc Permanent Black
Date of publication, distribution, etc 2006
270 ## - ADDRESS
Address D-28, Oxford Apartmeants, 11, I.P.Extension
City Delhi
Postal code 110 092
300 ## - PHYSICAL DESCRIPTION
Extent xiv, 359 p.
Dimensions 22 cm ( Pbk.)
500 ## - GENERAL NOTE
General note Includes bibliograpgical refrences and index
942 ## - ADDED ENTRY ELEMENTS (KOHA)
Institution code [OBSOLETE] dpl
Koha item type English Books
Call number prefix 331.09 / JOS
Holdings
Withdrawn status Lost status Source of classification or shelving scheme Damaged status Not for loan Collection code Home library Current library Source of acquisition Cost, normal purchase price Total Checkouts Full call number Barcode Date last seen Copy number Uniform Resource Identifier Cost, replacement price Price effective from Koha item type
    Dewey Decimal Classification   Not For Loan Non-fiction D.B.Act.Division D.B.Act.Division DBAD/PUB 350.00   331.09 JOS EN-69292 15/09/2008 1 3625 350.00 15/09/2008 English Books

© Delhi Public Library
Hit Counter
free hit counter